01211nac a22003251u 4500999001500000003000900015005001700024008004100041020003800082020003500120020001600155020001800171040004300189082002500232100004200257245008100299264006000380264001000440300002800450336002600478337002800504338002700532500002300559504005100582650003600633653002700669655002400696942002800720952013700748 c9132d9132EG-ScBUE20201108092258.0200219t2008 mau f b 001 0 eng d a9780618732203 (instructor's copy) a0618732209 (instructor's copy) a0618444246  a9780618444243 aEG-ScBUEbengerdacEG-ScBUEdEG-ScBUE04a813.0108 21bNAG2221 aNagel, James, eauthor.00aAnthology of the American short story /cJames Nagel, University of Georgia. 1aBoston ;aNew York :bHoughton Mifflin Company,c[2008] 4cc2008 axii, 975 pages ;c24 cm 2rdacontentatextbtxt 2rdamediaaunmediatedbn 2rdacarrieravolumebnc aDistributer: Bacca aIncludes bibliographical references and index. 7aShort stories, American.2BUEsh bHHUUEENNcNovember2020 vReading book934232 cBBk813.0108 21NAG2ddc 00104070aMAINbMAINc2NDd2015-04-08ePurchasel3m47o813.0108 21NAGp000011165r2025-07-15 00:00:00s2017-06-20w2008-04-15yBB